Normal view
MARC view
Entry Personal Name
001 - CONTROL NUMBER
- control field: 44663
003 - CONTROL NUMBER IDENTIFIER
- control field: OSt
005 - DATE AND TIME OF LATEST TRANSACTION
- control field: 20160310163152.0
008 - FIXED-LENGTH DATA ELEMENTS
- fixed length control field: 160310|| aca||aabn | a|a d
040 ## - CATALOGING SOURCE
- Original cataloging agency: OSt
- Transcribing agency: OSt
100 ## - HEADING--PERSONAL NAME
- Personal name: गुप्त छेदीलाल
670 ## - SOURCE DATA FOUND
- Source citation: Work cat.: (OSt)27304: गुप्त छेदीलाल , खण्ड प्रलय , 1969









